Normal view
MARC view
- Nilsson, James William
Entry Personal Name
001 - CONTROL NUMBER
- control field: 102279
003 - CONTROL NUMBER IDENTIFIER
- control field: NUST
005 - DATE AND TIME OF LATEST TRANSACTION
- control field: 20221102181448.0
008 - FIXED-LENGTH DATA ELEMENTS
- fixed length control field: 221102|| aca||aabn | a|a d
040 ## - CATALOGING SOURCE
- Original cataloging agency: NUST
- Transcribing agency: NUST
100 ## - HEADING--PERSONAL NAME
- Personal name: Nilsson, James William
670 ## - SOURCE DATA FOUND
- Source citation: Work cat.: (NUST)191034: Nilsson, James William., Electric circuits /, c1990.
